000 01214nam a22002897a 4500
005 2010101908158.0
008 101019t xxu||||| |||| 00| 0 hin
010 _aHIN-95808
020 _c175.00
_a9789381130636
035 _aHN-68154
037 _bDBAD / PUB
040 _aDPL
_bHN
082 _a822.08
100 _923632
_aअग्रवाल,महावीर
245 _aरंगऋषि ब.व. कारंत /
_bमहावीर अग्रवाल
260 _aदिल्ली
_bयश पब्लिकेशन्स
_c2011
270 _bदिल्ली
_a1/10753 गली न.3,सुभाष पार्क,नवीन शहादरा,नियर कीर्ति मन्दिर
_e110032
_mwwwyashpublication.com
_k09899938522
300 1 _a88पृ.
_c22सेमी (सजिल्द)
650 _9657
650 _934273
700 _939143
710 _934811
710 _935049
711 _944931
942 _2ddc
_cHN
_mअग्रवा
_h820.08
999 _c64854
_d64854